Mobile Legends All Heroes - Statistics

General Stats
  • This quiz has been taken 196 times
  • The average score is 78 of 126
Answer Stats
Hint Answer % Correct
Marksman Miya
92%
Marksman Layla
90%
Assassin Hayabusa
82%
Assassin Lancelot
81%
Tank Tigreal
81%
Fighter/Assassin Alucard
80%
Support Angela
80%
Assassin Fanny
78%
Mage Vale
78%
Support Estes
76%
Tank Franco
76%
Mage Valir
76%
Fighter Chou
75%
Marksman Clint
75%
Assassin Gusion
75%
Fighter Lapu-lapu
75%
Assassin Ling
75%
Mage Nana
75%
Mage Odette
75%
Fighter/Assassin Zilong
75%
Marksman Hanabi
73%
Marksman/Assassin Lesley
73%
Fighter Alpha
72%
Marksman Granger
72%
Support Rafaela
72%
Mage/Tank Alice
71%
Mage Aurora
71%
Support Diggie
71%
Assassin Saber
71%
Support Floryn
69%
Mage Harith
69%
Assassin/Mage Harley
69%
Mage Kagura
69%
Tank/Support Minotaur
69%
Marksman/Tank Edith
68%
Assassin Karina
68%
Mage Vexana
68%
Marksman Bruno
67%
Mage Eudora
67%
Tank/Support Johnson
67%
Mage/Assassin Kadita
67%
Mage Pharsa
67%
Marksman Wanwan
67%
Fighter/Assassin Yin
67%
Marksman Claude
66%
Marksman Irithel
66%
Assassin/Mage Selena
66%
Assassin/Marksman Yi Sun Shin
66%
Tank Atlas
65%
Fighter/Mage Julian
65%
Fighter/Marksman Roger
65%
Fighter Badang
64%
Fighter Balmond
64%
Marksman Melissa
64%
Marksman Moskov
64%
Fighter Yu Zhong
64%
Assassin Aamon
63%
Tank/Mage Esmeralda
63%
Support/Assassin Mathilda
63%
Fighter Ruby
63%
Fighter Argus
62%
Mage Cyclops
62%
Fighter Dyrroth
62%
Tank Uranus
62%
Support/Fighter Kaja
61%
Tank Akai
60%
Marksman Beatrix
60%
Mage Cecilion
60%
Tank/Fighter Gatotkaca
60%
Mage Xavier
60%
Fighter/Mage Bane
59%
Support/Tank Carmilla
59%
Assassin Helcurt
59%
Marksman Karrie
59%
Fighter/Assassin Paquito
59%
Mage Yve
59%
Mage Zhuxin
59%
Support/Mage Faramis
58%
Fighter Freya
58%
Fighter Guinevere
58%
Assassin Hanzo
58%
Fighter Jawhead
58%
Assassin Joy
58%
Marksman/Mage Kimmy
58%
Assassin Natalia
58%
Fighter/Tank Terizla
58%
Fighter Thamuz
58%
Mage Valentina
58%
Mage Gord
57%
Tank/Fighter Grock
57%
Marksman Natan
57%
Tank Baxia
56%
Marksman Brody
56%
Tank Hylos
56%
Support/Tank Lolita
56%
Marksman Popol & Kupa
56%
Fighter Silvanna
56%
Mage Chang'e
55%
Marksman Ixia
55%
Assassin/Fighter Suyou
55%
Tank Belerick
53%
Fighter Cici
53%
Mage Lylia
53%
Assassin Nolan
53%
Fighter/Tank Hilda
52%
Mage Lunox
52%
Fighter Sun
52%
Fighter Aldous
51%
Tank Khufra
51%
Mage Zhask
51%
Support/Tank Chip
50%
Fighter Khaleed
50%
Fighter Martis
49%
Fighter/Assassin Arlott
46%
Fighter X Borg
46%
Tank/Fighter Barats
45%
Assassin/Fighter Benedetta
45%
Tank Gloo
45%
Mage Luo Yi
45%
Fighter Leomord
43%
Mage Novaria
43%
Fighter/Tank Fredrinn
42%
Fighter Minsitthar
42%
Fighter Phoveus
42%
Fighter Aulus
40%
Fighter/Tank Masha
40%
No matching quizzes found
Score Distribution
Percent of People with Each Score
Percentile by Number Answered
Your Score History
You have not taken this quiz